000 00269nam a2200109Ia 4500
008 200302s9999 xx 000 0 und d
100 _aEdward De Bono
245 _aNew Thinking for the new Millennium
260 _bPenguin Group Ltd.
260 _c2000
300 _a288 P.,
999 _c5105
_d5105